000 00498nam a2200181Ia 4500
005 20250508160840.0
008 008 250505s9999 xx 000 0 eng d
037 _aTextual
040 _aFEDL
_beng
_cFEDL
041 _aeng
_2eng
084 _a153.9, WIT
_qFEDL
100 _aWitkin Robert W.
245 0 _aIntelligence of feeling
260 _aLondon, UK
_bHeinemann Educational Book Ltd
_c1974
300 _axiv,198p
942 _cTEXL
_h153.9, WIT
999 _c1366971
_d1366971